000 01051nam0a22002771 4500
001 rc\4286243
005 20130416122925.2
035 _a(NLR Aleph) 008249688
090 _a8327974
_c8327974
100 _a20130416d1957 |||y0rusy50 ca
101 0 _arus
102 _aRU
105 _aa z |||||
200 1 _aСпособы уплотненной загрузки вагонов
210 _aДнепропетровск
_cБ. и.
_d1957
215 _a8 с.
_cил.
225 1 _aСталинская железная дорога. Информационно-техническое письмо
_v№ 2 (143)
300 _aНа послед. с.: Материал сост.: ...Бадюл, Б.К., ...Семененко, Е.И. и Ляшенко, Я.Т.
700 1 _aБадюл
_bБ. К.
_gБорис Константинович
_4220
701 1 _aСемененко
_bЕ. И.
_4220
701 1 _aЛяшенко
_bЯ. Т.
_4220
801 0 _aRU
_bNLR
_gpsbo
801 1 _aRU
_bELAR
_2rusmarc
852 _aNLR
_jП10/1640
942 _cBOOK
980 _aNB